ბათუმის შოთა რუსთაველის სახელმწიფო უნივერსიტეტის ბიბლიოთეკა

Экономическая география капиталистических и развивающихся стран (ბიბ.ჩანაწერი № 35529)

000 -LEADER
fixed length control field 00807nam a2200229Ia 4500
001 - CONTROL NUMBER
control field 1390
003 - CONTROL NUMBER IDENTIFIER
control field GE_BSU
008 - FIXED-LENGTH DATA ELEMENTS--GENERAL INFORMATION
fixed length control field 181216s||||||||xx |||||||||||||| ||und||
040 ## - CATALOGING SOURCE
Transcribing agency GE_BSU
080 ## - UNIVERSAL DECIMAL CLASSIFICATION NUMBER
Universal Decimal Classification number 911(100)
245 ## - TITLE STATEMENT
Title Экономическая география капиталистических и развивающихся стран
245 ## - TITLE STATEMENT
Remainder of title Уч-к для студ. ун-тов по спец. "География
245 ## - TITLE STATEMENT
Statement of responsibility, etc. Под ред.В.А.Вольского
250 ## - EDITION STATEMENT
Edition statement 2-е перераб.
260 ## - PUBLICATION, DISTRIBUTION, ETC.
Place of publication, distribution, etc. Москва
260 ## - PUBLICATION, DISTRIBUTION, ETC.
Name of publisher, distributor, etc. Московск.ун-т
260 ## - PUBLICATION, DISTRIBUTION, ETC.
Date of publication, distribution, etc. 1986
300 ## - PHYSICAL DESCRIPTION
Extent 527стр.
653 ## - INDEX TERM--UNCONTROLLED
Uncontrolled term Экономическая география капиталистических и развивающихся стран
942 ## - ADDED ENTRY ELEMENTS (KOHA)
Koha item type წიგნი
ეგზემპლარები
Withdrawn status Lost status Damaged status Not for loan Date acquired Barcode Date last seen Price effective from Koha item type
        2018-12-17 2005 2018-12-17 2018-12-17 წიგნი